| 000 | 00502nam a2200193Ia 4500 | ||
|---|---|---|---|
| 999 |
_c15107 _d15107 |
||
| 003 | OSt | ||
| 005 | 20201113111847.0 | ||
| 008 | 190216s9999||||xx |||||||||||||| ||und|| | ||
| 020 | _a9788189261689 | ||
| 040 | _coclc | ||
| 082 |
_a428 _bMIC/S |
||
| 100 |
_aMichelson, R _96567 |
||
| 245 | 0 |
_aSentences / _cR Michelson |
|
| 250 | _a1st Ed. | ||
| 260 |
_bK S Paperbacks, _c2005. _aNew Delhi: |
||
| 300 | _a232p | ||
| 650 | _aEnglish | ||
| 942 |
_cBK _2ddc _h428 _iMIC/S _k428 _mMIC/S |
||